000 00412nam a2200181Ia 4500
005 20250603145808.0
008 250603s9999 xx 000 0 und d
020 _a9780074603994
050 _aTA 545 .B37/
100 _aBasak, N. N.
245 0 _aSurveying and levelling
260 _aNew Delhi
260 _bTata McGraw-Hill
260 _c2012
300 _a549 p
650 _aNew Delhi
942 _cBK
999 _c42882
_d42882